000 00571nam a2200193 a 4500
005 20210223131302.0
008 100517s2005 mx r 000 0 spa d
020 _a9706802592
035 _aUPN01000175882
049 _aCG
050 4 _aPQ9261 P4.17
_bC3.7
100 1 _aPessoa, Fernando,
_d1888-1935
_930063
245 1 3 _aLa carta mágica /
_cFernando Pessoa ; tr. Miguel Angel Flores.
260 _aMéxico :
_bVerdehalago :
_bUANL,
_c2005.
300 _a73 p.
440 0 _aBiblioteca Fernando Pessoa ;
_v15
650 4 _aNOVELA PORTUGUESA
_915656
905 _aLibro
999 _c147985
_d147985